000 00430cam a2200181ua 4500
020 _c4.80
041 _aeng
_h
082 _a530.1
_bRAI/TE
100 _aRailston, W .
245 _aTeach yourself physics /
_cW Railston.
_hTextual Documents
250 _a1 /
_b.
260 _aLondon :
_bEnglish Universities Press ,
_c1959.
300 _a ; .
365 _a4.80
504 _a
942 _cBK
999 _c9065
_d9065